| 000 | 00349cam a2200145ua 4500 | ||
|---|---|---|---|
| 041 |
_aeng _h |
||
| 082 |
_a954 _bMUN/GL |
||
| 100 | _aMunshi, K M . | ||
| 245 |
_aGlimpses of Ancient India / _cMunshi. _hTextual Documents |
||
| 260 |
_a : _bBhavan`sbook University , _c1953. |
||
| 300 | _a152 ; . | ||
| 504 | _a | ||
| 942 | _cBK | ||
| 999 |
_c3090 _d3090 |
||